000 00804cam a22002533u 4500
001 8784222
003 ARRUPE
005 20161017113059.0
006 m d
007 cr n
008 110620s1924 ||||||||s|||||||| ||||| d
035 _a(WaSeSS)ssib002629547
040 _aWaSeSS
_cWaSeSS
_dWaSeSS
050 _aPG3365.K7
100 _aTolstoy, Lev
_926542
245 0 4 _aDie Kreutzersonate
_bLev Tolstoy
260 _aWolvesberg
_bEduard Kaiser Verlag,
300 _a205p. ;
_c19cm.
506 _aLicense restrictions may limit access.
773 0 _tDigitale Sammlungen
856 4 0 _uhttp://www.columbia.edu/cgi-bin/cul/resolve?clio8784222
_zFull text available from Digitale Sammlungen
910 _aSerials Solutions supplemental brief record
942 _2lcc
_cMONOGRAPH
999 _c125440
_d125440